• 首页
  • 本馆介绍
  • 公告通知
  • 最新文献
  • 馆藏检索
  • 电子资源
  • 读者导购
  • 参考咨询
  • 我的图书馆
  • 登录
  • 详细信息显示
  • 放入我的书架
  • 预约/预借图书
  • 作者相关作品
  • 分类相关作品
  • 丛书相关作品
  • 出版社相关作品

书目信息

  • 表格格式
  • 工作单格式
  • 卡片格式
题名:
AutoCAD 2014室内装潢设计技巧精选
    
 
作者: 李波 编著
分册:  
出版信息: 北京   电子工业出版社  2015.1
页数: 381页
开本: 26cm
丛书名:
单 册:
中图分类: TU238-39
科图分类:
主题词: 室内装饰设计--计算机辅助设计--AutoCAD软件 , 室内装饰设计 , 计算机辅助设计 , AutoCAD软件
电子资源:
ISBN: 978-7-121-24506-0
000 01044nam0 2200277 450
001 0400005911
005 20171031134031.0
010    @a978-7-121-24506-0@dCNY65.00
100    @a20141127d2015 em y0chiy50 ea
101 0  @achi
102    @aCN@b110000
105    @aa z 000yy
106    @ar
200 1  @aAutoCAD 2014室内装潢设计技巧精选@AAutoCAD 2014 shi nei zhuang huang she ji ji qiao jing xuan@f李波等编著
210    @a北京@c电子工业出版社@d2015.1
215    @a381页@c图@d26cm@e1光盘
300    @a精通AutoCAD工程设计视频讲堂
330    @a本书以AutoCAD 2014中文版软件为平台,通过291个技巧实例来全面讲解AutoCAD软件在室内装修施工的绘制方法,能使读者精确找到所需要的技巧知识。全书共10章,内容包括AutoCAD软件入门技巧、室内装修配置元素的绘制技巧等。
606 0  @a室内装饰设计@x计算机辅助设计@xAutoCAD软件
606 0  @a室内装饰设计
606 0  @a计算机辅助设计
606 0  @aAutoCAD软件
690    @aTU238-39@v5
701  0 @a李波@Ali bo@c(计算机)@4编著
801  0 @aCN@b上海新华@c20171031
905    @b1023528-32@dTU238-39@e1365@f5
    
    AutoCAD 2014室内装潢设计技巧精选/李波等编著.-北京:电子工业出版社,2015.1
    381页:图;26cm+1光盘
    精通AutoCAD工程设计视频讲堂
    
    ISBN 978-7-121-24506-0:CNY65.00
    本书以AutoCAD 2014中文版软件为平台,通过291个技巧实例来全面讲解AutoCAD软件在室内装修施工的绘制方法,能使读者精确找到所需要的技巧知识。全书共10章,内容包括AutoCAD软件入门技巧、室内装修配置元素的绘制技巧等。
●
相关链接 在E读中查询图书 在五车中查询图书 在当当中查询图书 在豆瓣中查询图书


正题名:AutoCAD 2014室内装潢设计技巧精选     索取号:TU238-39/1365         预约/预借

序号 登录号 条形码 馆藏地/架位号 状态 备注
1 1023528   210235280   第二样本阅览室/ [索取号:TU238-39/1365] 在馆    
2 1023529   210235299   密集书库-生命科学系/ [索取号:TU238-39/1365] 在馆    
3 1023530   210235306   第三借阅区/ [索取号:TU238-39/1365] 在馆    
4 1023531   210235315   第三借阅区/ [索取号:TU238-39/1365] 在馆    
5 1023532   210235324   第三借阅区/ [索取号:TU238-39/1365] 在馆    
唐山师范学院图书馆 欢迎您!
大连网信软件有限公司© 版权所有